000 01467nam2a22003011 4500
001 v19\rc\1633740
005 20160204162559.0
035 _a(NLR Aleph) 004748450
090 _a4525953
_c4525953
100 _a20061002f18261917|||y0rusy50 ca
101 1 _arus
_cfre
102 _aRU
105 _aac z |||||
200 1 _aОткрытие материка
_eС 59 рис. Л. Бенетта и Филиппото и 58 факс. с соврем. грав.
215 _a[6], 502, VII с.
_cфронт. ил., портр.
461 0 _1001v19\rc\1633739
_12001#$aИстория знаменитых путешествий и путешественников$fСоч. Жюля Верна$v[Т. 1]
_1700#1$aВерн$bЖ.$f1828-1905$gЖюль
_94525950
_aВерн, Ж. (1828-1905)
_cСанкт-Петербург
_d19??
_e2-е изд. [Т. 2]
_fСоч. Жюля Верна
_nт-во М.О. Вольф
_tИстория знаменитых путешествий и путешественников
_v[Т. 1]
464 0 _1702#1$aБенетт$bЛ.$gЛеон$4440
_1702#1$aФилиппото$bП. Д.$gПоль Доминик$f1846-1923$cхудожник$3RU\NLR\AUTH\770154199$4440
801 0 _aRU
_bNLR
_gpsbo
801 0 _aRU
_bRuMoRGB
_2psbo
801 1 _aRU
_bProSoft-M
_2rusmarc
852 _aNLR
_jДл02/Б-7/15
899 _aRuMoRGB
_jA 88/398
899 _aRuMoRGB
_jU 35/891
899 _aБАН
899 _aНБ МГУ
942 _cBOOK
980 _aNB